| 000 | 00386nam a2200157Ia 4500 | ||
|---|---|---|---|
| 008 | 210716s2001 xx 000 0 und d | ||
| 020 | _a8125909338 | ||
| 041 | _aeng | ||
| 082 | _a005.133 SUBR | ||
| 100 | _aSubburaj, R. | ||
| 245 | _aProgramming in c. | ||
| 250 | _a1 | ||
| 260 |
_aNew Delhi _bVikas Publishing House Pvt Ltd _c2001 |
||
| 300 | _axvi,387 | ||
| 650 | _aC Programming | ||
| 999 |
_c184208 _d184208 |
||